| 000 | 01008nam a2200229Ia 4500 | ||
|---|---|---|---|
| 003 | Ost | ||
| 005 | 20260507075401.0 | ||
| 008 | 260507s9999||||xx |||||||||||||| ||und|| | ||
| 040 | _cfsecg | ||
| 041 | _aara | ||
| 082 | _a600 | ||
| 100 |
_aالطويل، أكرم أحمد رضا _eمؤلف |
||
| 245 | 0 |
_aالمناخ التنظيمي وحلقات الجودة / _c أكرم أحمد رضا الطويل |
|
| 260 |
_aعمان: _bدار الحامد, _c2015 |
||
| 300 |
_a256 صفحة؛ _bإيضاحات ؛ _c25 سم |
||
| 520 | _aيضم مفهوم المناخ التنظيمي، حلقات الجودة، منهجية الدراسة، وصف و تشخيص متغيرات الدراسة، إختبار مخطط الدراسة وفرضياتها استنتاجات و مقترحات | ||
| 653 | _aإدارة الأعمال | ||
| 653 | _aتنظيم وإدارة | ||
| 653 | _aضبط الجودة | ||
| 700 |
_aقاسم، حمدي إسراء وعد الله _eمؤلف ثانوي |
||
| 942 | _cكتاب | ||
| 999 |
_c44271 _d44271 |
||